Séries commençant par la lettre P - Statistiques

Statistiques générales
  • Ce quiz a été pris 332 fois
  • Le résultat moyen est 6 sur 8
Statistiques - réponses
Par images Réponse % Correct
Pokémon
99%
Power
96%
Power Rangers
95%
Prison Break
94%
Peaky Blinders
79%
Pretty Little Liars
65%
Parents, mode d’emploi
42%
Plus Belle La Vie
33%
Aucun quiz correspondant
Distribution des résultats
% des personnes avec chaque résultat
Percentile par nombre de réponses
Votre historique - résultats
Vous n’avez pas pris ce quiz